[Event "Reto (Rybka232mp32-bit, (90m+30s)/100+("]
[Site "?"]
[Date "2009.12.31"]
[Round "?"]
[White "Diaz, Sergio"]
[Black "Cabrera, Marcelo Dario"]
[Result "1/2-1/2"]
[WhiteElo "2472"]
[BlackElo "2267"]
[PlyCount "77"]

1. e4 c5 2. Nf3 e6 3. d4 cxd4 4. Nxd4 a6 5. Bd3 Nf6 6. O-O Qc7 7. Qe2 d6 8. c4
Be7 9. Nc3 Nc6 10. Nxc6 bxc6 11. f4 Nd7 12. Be3 Rb8 13. Rad1 O-O 14. Rf3 g6 15.
g4 Bf6 16. Qd2 Bb7 17. g5 Bg7 18. Bf1 d5 19. Rf2 Rfe8 20. cxd5 cxd5 21. exd5
exd5 22. Nxd5 Bxd5 23. Qxd5 Rxe3 24. Qxd7 Qc5 25. Kg2 Bxb2 26. Bxa6 Bc3 27. Rd5
Qb4 28. Bd3 Kg7 29. Qa7 Re7 30. Rd7 Ra8 31. Qxa8 {[%eval 15,18] [%emt 0:02:28]}
Rxd7 {[%eval 16,18] [%emt 0:00:51]} 32. Qe4 {[%eval 13,18] [%emt 0:03:33]} Rd4
{[%eval 13,18] [%emt 0:01:33]} 33. Qe5+ {[%eval 13,18] [%emt 0:01:26]} Kg8 {
[%eval 10,19] [%emt 0:02:56]} 34. Rf3 {[%eval 11,19] [%emt 0:05:22]} Qf8 {
[%eval 11,19] [%emt 0:08:18]} 35. Qe3 {[%eval 7,19] [%emt 0:21:18]} Qd6 {
[%eval 10,19] [%emt 0:06:39]} 36. a4 {[%eval 9,19] [%emt 0:08:35]} Ba5 {
[%eval 1,19] [%emt 0:09:02]} 37. Bb5 {[%eval 0,19] [%emt 0:09:18]} Bc7 {
[%eval 0,19] [%emt 0:03:12]} 38. h4 {[%eval 0,19] [%emt 0:03:50] (De8+)} Qb4 {
[%eval 0,19] [%emt 0:02:13]} 39. Kg3 {[%eval 0,19] [%emt 0:01:56]} 1/2-1/2

[Event "Reto (Fritz11, (90m+30s)/100+(15m+30s))"]
[Site "?"]
[Date "2009.12.31"]
[Round "?"]
[White "Diaz, Sergio"]
[Black "Cabrera, Marcelo Dario"]
[Result "1/2-1/2"]
[WhiteElo "2472"]
[BlackElo "2267"]
[PlyCount "80"]

1. e4 c5 2. Nf3 e6 3. d4 cxd4 4. Nxd4 a6 5. Bd3 Nf6 6. O-O Qc7 7. Qe2 d6 8. c4
Be7 9. Nc3 Nc6 10. Nxc6 bxc6 11. f4 Nd7 12. Be3 Rb8 13. Rad1 O-O 14. Rf3 g6 15.
g4 Bf6 16. Qd2 Bb7 17. g5 Bg7 18. Bf1 d5 19. Rf2 Rfe8 20. cxd5 cxd5 21. exd5
exd5 22. Nxd5 Bxd5 23. Qxd5 Rxe3 24. Qxd7 Qc5 25. Kg2 Bxb2 26. Bxa6 Bc3 27. Rd5
Qb4 28. Bd3 Kg7 29. Qa7 Re7 30. Rd7 Ra8 31. Qxa8 {[%eval 11,20] [%emt 0:01:49]}
Rxd7 {[%eval 10,20] [%emt 0:01:47]} 32. Qe4 {[%eval 11,20] [%emt 0:04:29]}
Qxe4+ {[%eval 10,20] [%emt 0:02:57]} 33. Bxe4 {[%eval 10,21] [%emt 0:00:44]} f5
{[%eval 9,22] [%emt 0:05:21]} 34. gxf6+ {[%eval 10,22] [%emt 0:03:38]} Kxf6 {
[%eval 9,23] [%emt 0:03:30]} 35. Re2 {[%eval 10,23] [%emt 0:04:30] (Tf3)} Rd2 {
[%eval 9,22] [%emt 0:03:38]} 36. Rxd2 {[%eval 5,23] [%emt 0:03:07] (Rf3)} Bxd2
{[%eval 7,22] [%emt 0:00:21]} 37. Kf3 {[%eval 7,24] [%emt 0:03:30]} h6 {
[%eval 5,25] [%emt 0:01:16] (g5)} 38. Kg4 {[%eval 7,25] [%emt 0:01:34]} Be1 {
[%eval 8,25] [%emt 0:03:31] (h5+)} 39. a4 {[%eval 9,28] [%emt 0:01:18]} g5 {
[%eval 8,29] [%emt 0:01:20]} 40. f5 {[%eval 9,29] [%emt 0:01:14]} Bc3 {[%eval
8,29] [%emt 0:01:28] (Aa5)} 1/2-1/2

[Event "Reto (ZappaMexico, (90m+30s)/100+(15m+3"]
[Site "?"]
[Date "2009.12.31"]
[Round "?"]
[White "Diaz, Sergio"]
[Black "Cabrera, Marcelo Dario"]
[Result "1/2-1/2"]
[WhiteElo "2472"]
[BlackElo "2267"]
[PlyCount "74"]

1. e4 c5 2. Nf3 e6 3. d4 cxd4 4. Nxd4 a6 5. Bd3 Nf6 6. O-O Qc7 7. Qe2 d6 8. c4
Be7 9. Nc3 Nc6 10. Nxc6 bxc6 11. f4 Nd7 12. Be3 Rb8 13. Rad1 O-O 14. Rf3 g6 15.
g4 Bf6 16. Qd2 Bb7 17. g5 Bg7 18. Bf1 d5 19. Rf2 Rfe8 20. cxd5 cxd5 21. exd5
exd5 22. Nxd5 Bxd5 23. Qxd5 Rxe3 24. Qxd7 Qc5 25. Kg2 Bxb2 26. Bxa6 Bc3 27. Rd5
Qb4 28. Bd3 Kg7 29. Qa7 Re7 30. Rd7 Ra8 31. Qxa8 {[%eval 9,16] [%emt 0:07:11]}
Rxd7 {[%eval 9,16] [%emt 0:00:00]} 32. Qe4 {[%eval 5,16] [%emt 0:10:40]} Rd4 {
[%eval 10,17] [%emt 0:11:10]} 33. Qe5+ {[%eval 10,16] [%emt 0:10:14]} Kg8 {
[%eval 10,16] [%emt 0:00:00]} 34. Rf3 {[%eval 9,16] [%emt 0:02:37]} Qf8 {
[%eval 9,15] [%emt 0:07:56]} 35. Qe3 {[%eval 1,15] [%emt 0:03:44]} Qd8 {
[%eval 0,15] [%emt 0:03:24]} 36. Kg3 {[%eval 0,15] [%emt 0:03:34]} Bb4 {
[%eval 0,15] [%emt 0:03:14]} 37. Bb5 {[%eval 0,15] [%emt 0:02:14]} Qd6 {
[%eval 0,16] [%emt 0:02:32]} 1/2-1/2